| 000 | 00422nam a22001697a 4500 | ||
|---|---|---|---|
| 003 | SGT | ||
| 020 | _a8185731403 | ||
| 082 |
_a615.19 _bP22S |
||
| 100 | _aSUBRAHMANYAM, C.V.S | ||
| 245 | _aPHARMACEUTICAL PRODUCTION AND MANAGEMENT | ||
| 250 | _a1ST | ||
| 260 |
_aDELHI _bVALLABH PRAKASHAN _c2022 |
||
| 300 | _a496 | ||
| 650 | _aPAHRMACY MANAGEMENT | ||
| 653 | _aPHARMACEUTICAL, PRODUCTION, MANAGEMENT | ||
| 942 |
_2ddc _cBK |
||
| 999 |
_c27094 _d27094 |
||